00422nam a2200145 i 450000100060000000300090000600500170001500700030003200800410003510000290007624500800010526000440018530000250022985200220025436289ES-MaACL20230906155335.0t|030217s1930 xxu ||||1| eng d1 aBrinton, Clarence Crane.14aThe jaconibs b: an essay in the new history / cby Clarence Crane Brinton. aNew York : bMacmillan and CÂș, c1930. aX, 320 p. ; c20 cm. aES-MaACLjF-13732